000
00301nam a2200133Ia 4500
003
LDD
040
_c
LDD
245
0
_a
It cd [computer files] Dctober 2006; Volume
_b
15
_b
Issue
_b
12
260
_c
2006
500
_a
Data Backup
901
_a
1254
_b
03-03-1998
902
_b
23-03-1998
942
_2
ddc
_c
CD
999
_c
147876
_d
147876